MATHEMATICAL OLMPIAD CHALLENGES (Record no. 6703)
[ view plain ]
| 000 -LEADER | |
|---|---|
| fixed length control field | 00340nam a22001457a 4500 |
| 020 ## - INTERNATIONAL STANDARD BOOK NUMBER | |
| ISBN | 81-8128-323-6 |
| 082 ## - DEWEY DECIMAL CLASSIFICATION NUMBER | |
| Classification number | 001 |
| Item number | AND/M |
| 100 ## - MAIN ENTRY--AUTHOR NAME | |
| Personal name | ANDREESCUE, TITU |
| 245 ## - TITLE STATEMENT | |
| Title | MATHEMATICAL OLMPIAD CHALLENGES |
| 260 ## - PUBLICATION, DISTRIBUTION, ETC. (IMPRINT) | |
| Place of publication | NEW DELHI |
| Name of publisher | SPRINGER PRIVATE LIMITED |
| Year of publication | 2005 |
| 300 ## - PHYSICAL DESCRIPTION | |
| Number of Pages | 260 |
| 505 ## - FORMATTED CONTENTS NOTE | |
| Formatted contents note | REFERENCE |
| 520 ## - SUMMARY, ETC. | |
| Summary, etc | REFERENCE |
| 942 ## - ADDED ENTRY ELEMENTS (KOHA) | |
| Koha item type | Books |
| Withdrawn status | Lost status | Collection code | Home library | Current library | Shelving location | Date acquired | Source of acquisition | Cost, normal purchase price | Full call number | Accession Number | Koha item type |
|---|---|---|---|---|---|---|---|---|---|---|---|
| Reference | Main Library | Main Library | SHELF-17C--MATHS RELATED QUIZ BOOK | 23/10/2006 | Purchase | 275.00 | 001 AND/M | 3359 | Books |